000 00449nam a2200169Ia 4500
005 20240731041530.0
008 240331s9999 xx 000 0 und d
020 _a8120807022
082 _bGOM
100 _aGombrich,R
245 0 _aBuddhism transformed :
_breligious change in Sri Lanka
260 _aNew Delhi
_bMotilal Bandrsidass Publishers Pvt Ltd
_c1988
300 _axvi, 484 p .,
650 _aSocial
650 _aCultural
942 _cL
999 _c4463
_d4463